000 00371 a2200169 4500
001 183372
020 _a85-322-0626-3
040 _cMagnum
100 _aMattos, Neide Simões de
240 1 0 _aUma cadeia alimentar
_lpor
245 1 0 _aUma cadeia alimentar
300 _a24
362 0 _a1996
440 1 _aFTD
697 _aLITERATURA INFANTO-JUVENIL
942 _cBK
999 _c183372
_d183372